000
00297nam a22001217a 4500
999
_c
12907
_d
12907
008
211227b ||||| |||| 00| 0 eng d
110
_9
5184
_a
HMSO
245
1
0
_a
Survey of life saving appliances, Vol.1
260
_a
London:
_b
HMSO,
_c
c
300
_a
x
650
0
_a
Marine Engineering
942
_c
BK